000 00423nam a22001697a 4500
999 _c171694
_d171694
005 20200117143037.0
010 _aA-550989
020 _c20.00
035 _aA-550989
037 _bBPPD/Pub.
082 _a847
100 _aحیدر بیابانی
245 _aچشم دیر /
_cحیدر بیابانی
260 _a-
_b-
_c1990 ء
300 _a128p.
_c21cm(Hb)
942 _2ddc
_cUR
_h847
_mح ی د